| 000 | 00517ntaaa2200193 4500 | ||
|---|---|---|---|
| 003 | 01 | ||
| 005 | 20251027202231.0 | ||
| 008 | 0714s1973 ag 01 | ||
| 040 |
_aAR-BaBN _bspa _cAR-BaBN _eaacr _dRIC |
||
| 082 | _a268.1000 R49 | ||
| 100 |
_aRistine, Ethen _920804 |
||
| 245 | _aVacation Church School | ||
| 250 | _a1 ed. | ||
| 260 |
_aNashville : _bDepartment of Christian Education, _cc1960 |
||
| 300 | _a84 p | ||
| 500 | _aEscuela bíblica de vacaciones | ||
| 650 | _aescuela bíblica de vacaciones | ||
| 942 | _cBK | ||
| 999 |
_c17181 _d17181 |
||